[Event "Pattaya op"]
[Site "Pattaya"]
[Date "2019.10.30"]
[Round "9"]
[White "Langreck, John"]
[Black "Thet, Naung"]
[Result "1/2-1/2"]
[WhiteElo "2149"]
[BlackElo "2290"]
[PlyCount "128"]
[EventDate "2019.10.23"]
[EventType "swiss"]
[EventRounds "9"]
[EventCountry "THA"]
[SourceTitle "CBM 195 Extra"]
[Source "ChessBase"]
[SourceDate "2020.05.31"]
[SourceVersion "1"]
[SourceVersionDate "2020.05.31"]
[SourceQuality "1"]

1. e4 c5 2. Nf3 d6 3. d4 cxd4 4. Nxd4 Nf6 5. Nc3 a6 6. Be3 e6 7. f3 Be7 8. Qd2 Qc7 9. 0-0-0 Nbd7 10. Kb1 Ne5 11. h4 Nc4 12. Bxc4 Qxc4 13. g4 Bd7 14. h5 h6 15. g5 hxg5 16. Bxg5 0-0-0 17. h6 gxh6 18. Rxh6 Rxh6 19. Bxh6 Rg8 20. Nb3 Ne8 21. Be3 Bd8 22. a3 b6 23. Nc5 Bf6 24. Nxd7 Kxd7 25. Qd3 Qxd3 26. cxd3 Bxc3 27. bxc3 b5 28. Kc2 Rg3 29. Rf1 Kc6 30. Kd2 d5 31. Ke2 Rg2+ 32. Bf2 Nf6 33. a4 Nd7 34. axb5+ axb5 35. f4 dxe4 36. dxe4 Nc5 37. Kf3 Rh2 38. Kg3 Rh8 39. Bxc5 Kxc5 40. Rd1 Kc6 41. Kg4 Rg8+ 42. Kf3 Ra8 43. Kg4 Rg8+ 44. Kf3 Ra8 45. Kg4 Ra3 46. Rc1 Kc5 47. Kg5 Kc4 48. Kf6 Ra7 49. Ke5 Rc7 50. f5 exf5 51. exf5 Rc5+ 52. Kf6 Rd5 53. Rf1 Rd7 54. Rf3 Rc7 55. Kg7 Kd5 56. f6 Ke4 57. Rh3 Kd5 58. Re3 Kc4 59. Re7 Rc5 60. Rxf7 Kxc3 61. Rb7 b4 62. f7 Rf5 63. f8Q Rxf8 64. Kxf8 b3 1/2-1/2

[Event "Pattaya op"]
[Site "Pattaya"]
[Date "2019.10.24"]
[Round "3"]
[White "Bernardo, Darry"]
[Black "Thet, Naung"]
[Result "0-1"]
[WhiteElo "2030"]
[BlackElo "2290"]
[PlyCount "122"]
[EventDate "2019.10.23"]
[EventType "swiss"]
[EventRounds "9"]
[EventCountry "THA"]
[SourceTitle "CBM 195 Extra"]
[Source "ChessBase"]
[SourceDate "2020.05.31"]
[SourceVersion "1"]
[SourceVersionDate "2020.05.31"]
[SourceQuality "1"]

1. e4 c6 2. d4 d5 3. Nc3 dxe4 4. Nxe4 Bf5 5. Ng3 Bg6 6. h4 h6 7. Nh3 e6 8. Nf4 Bh7 9. Bd3 Bxd3 10. Qxd3 Nf6 11. Bd2 Na6 12. 0-0-0 Qd7 13. Ne4 Nxe4 14. Qxe4 0-0-0 15. Be3 Nb4 16. Kb1 Nd5 17. Nd3 Bd6 18. c4 Nxe3 19. fxe3 Rhe8 20. Qf3 Bc7 21. Rhf1 f6 22. g4 Qe7 23. Qe4 Kb8 24. h5 Qd6 25. Nc1 Qb4 26. Qc2 e5 27. a3 Qb6 28. Nb3 exd4 29. exd4 Re3 30. Ka2 Rde8 31. Nc5 Ka8 32. Qg6 R8e7 33. Rd3 Rxd3 34. Qxd3 Bd6 35. Ne4 Qc7 36. g5 hxg5 37. h6 Bf4 38. h7 Re8 39. Rh1 Rh8 40. Nc5 Qf7 41. d5 cxd5 42. Qxd5 Qxd5 43. cxd5 g4 44. Ne6 g5 45. d6 Bxd6 46. Nd8 Rxd8 47. Rd1 Rh8 48. Rxd6 a6 49. Rxf6 Rxh7 50. Kb3 g3 51. Rf1 g2 52. Rg1 Rh3+ 53. Kc4 Rg3 54. a4 b6 55. a5 bxa5 56. Kc5 Kb7 57. b3 Kc7 58. Kc4 Kc6 59. b4 axb4 60. Kxb4 Kd5 61. Ka4 Ke4 0-1

[Event "MYA-ch 42nd"]
[Site "Yangon"]
[Date "2016.06.30"]
[Round "?"]
[White "Myo, Naing"]
[Black "Thet, Naung"]
[Result "1/2-1/2"]
[WhiteElo "2236"]
[BlackElo "2230"]
[PlyCount "107"]
[EventDate "2016.06.20"]
[EventType "tourn"]
[EventRounds "15"]
[EventCountry "MYA"]
[SourceTitle "EXT 2018"]
[Source "ChessBase"]
[SourceDate "2017.10.13"]
[SourceVersion "1"]
[SourceVersionDate "2017.10.13"]
[SourceQuality "1"]

1. d4 d5 2. c4 e6 3. Nf3 Nf6 4. g3 c6 5. Qc2 Bd6 6. Bg2 Nbd7 7. 0-0 0-0 8. Nbd2 Re8 9. e4 Nxe4 10. Nxe4 dxe4 11. Qxe4 e5 12. Qc2 exd4 13. Nxd4 Qf6 14. Be3 Ne5 15. c5 Bc7 16. h3 h5 17. a3 h4 18. Rae1 Bd7 19. g4 Nxg4 20. hxg4 h3 21. g5 Qe7 22. Bh1 h2+ 23. Kg2 Bg4 24. f4 Qd7 25. Qf2 Bh3+ 26. Kxh2 Bxf1 27. Rxf1 Qg4 28. Rg1 Qh5+ 29. Kg2 Rad8 30. Qf3 Qh7 31. Kf2 Qd3 32. Rd1 Qc4 33. Rc1 Qa4 34. Qd1 Qa6 35. Bf3 b6 36. Qc2 Bxf4 37. Bxf4 Rxd4 38. Be3 Rh4 39. Rh1 Rxh1 40. Bxh1 Qc8 41. Bg2 Qg4 42. Qd2 bxc5 43. Bf4 Qe6 44. Bf3 c4 45. Qe3 Qd7 46. Qc5 Qh3 47. Qxc6 Qh4+ 48. Kg2 Re6 49. Qxc4 Qe1 50. b4 Qb1 51. Bd5 Re7 52. Qc8+ Kh7 53. Qh3+ Kg8 54. Qc8+ 1/2-1/2

[Event "MYA-ch 42nd"]
[Site "Yangon"]
[Date "2016.06.24"]
[Round "?"]
[White "Thet, Naung"]
[Black "Wynn, Zaw Htung"]
[Result "0-1"]
[WhiteElo "2230"]
[BlackElo "2410"]
[PlyCount "110"]
[EventDate "2016.06.20"]
[EventType "tourn"]
[EventRounds "15"]
[EventCountry "MYA"]
[SourceTitle "EXT 2018"]
[Source "ChessBase"]
[SourceDate "2017.10.13"]
[SourceVersion "1"]
[SourceVersionDate "2017.10.13"]
[SourceQuality "1"]

1. d4 Nf6 2. Nf3 d6 3. e3 Nbd7 4. Bc4 e6 5. Nbd2 c5 6. 0-0 Be7 7. b3 0-0 8. Bb2 b6 9. Re1 Bb7 10. Bd3 Qc7 11. c4 Rfe8 12. Qc2 h6 13. Rad1 a6 14. Qb1 Bc6 15. Ne4 cxd4 16. Nxd4 Bb7 17. Ne2 Ng4 18. N2g3 f5 19. Nc3 Nde5 20. Bf1 Bh4 21. Qc2 Rad8 22. Rd4 Nc6 23. Rd2 Qf7 24. Qd1 Nce5 25. Rd4 Qg6 26. Nce2 Nf7 27. Nf4 Qg5 28. Nh3 Qe7 29. Rd2 Bf6 30. Bxf6 Qxf6 31. Nf4 Qh4 32. h3 Nxe3 33. Rxe3 Qxf4 34. Qa1 Qg5 35. f4 Qxf4 36. Qxg7+ Kxg7 37. Nh5+ Kg6 38. Nxf4+ Kf6 39. Nh5+ Kg6 40. Rg3+ Ng5 41. Be2 e5 42. h4 f4 43. Rgd3 Ne4 44. Rd1 Rg8 45. Bf3 Kf5 46. Kh2 Rg6 47. Re1 Rdg8 48. Re2 Nc5 49. Rd5 Bxd5 50. Bxd5 a5 51. Kh3 Rg4 52. Rf2 R8g6 53. g3 Rxg3+ 54. Nxg3+ Rxg3+ 55. Kh2 e4 0-1

[Event "MYA-ch 42nd"]
[Site "Yangon"]
[Date "2016.06.23"]
[Round "?"]
[White "Thet, Naung"]
[Black "Win, Zaw"]
[Result "1-0"]
[WhiteElo "2230"]
[BlackElo "1837"]
[PlyCount "113"]
[EventDate "2016.06.20"]
[EventType "tourn"]
[EventRounds "15"]
[EventCountry "MYA"]
[SourceTitle "EXT 2018"]
[Source "ChessBase"]
[SourceDate "2017.10.13"]
[SourceVersion "1"]
[SourceVersionDate "2017.10.13"]
[SourceQuality "1"]

1. d4 d5 2. Nf3 Nf6 3. e3 e6 4. Bd3 Ne4 5. Nfd2 f5 6. c4 Bd6 7. Nc3 c6 8. 0-0 0-0 9. c5 Bc7 10. f4 b6 11. Na4 bxc5 12. Bxe4 fxe4 13. Nxc5 Rf6 14. Rf2 Rh6 15. g3 Nd7 16. Ndb3 a5 17. a4 Nb6 18. Rc2 Nc4 19. Nxe4 e5 20. Nec5 exf4 21. exf4 Bf5 22. Rf2 Qf6 23. Nd3 Nd6 24. Ne5 Ne4 25. Rg2 Bh3 26. Ng4 Bxg4 27. Qxg4 Rb8 28. Qd1 Qe7 29. Nd2 Nxd2 30. Bxd2 Re6 31. Bc3 Re8 32. Qd2 Re4 33. b4 axb4 34. Bxb4 Bd6 35. Bxd6 Qxd6 36. h3 Qf6 37. Rd1 h5 38. h4 Qe6 39. Kh2 Qg4 40. Qc2 Re3 41. Rd3 Re2 42. Rd2 R2e3 43. Qxc6 Qf3 44. a5 Re1 45. Qb5 R8e3 46. Rc2 Qd1 47. Qxd5+ Kh7 48. Qf5+ Kh8 49. Rc8+ Re8 50. Rxe8+ Rxe8 51. Qc2 Qxd4 52. Qg6 Re1 53. Qxh5+ Kg8 54. Qf3 Qa1 55. Qd5+ Kh7 56. Rc2 Re8 57. Qh5+ 1-0

[Event "MYA-ch 42nd"]
[Site "Yangon"]
[Date "2016.06.20"]
[Round "?"]
[White "Thet, Naung"]
[Black "Soe, Min Kyaw"]
[Result "0-1"]
[WhiteElo "2230"]
[BlackElo "2136"]
[PlyCount "112"]
[EventDate "2016.06.20"]
[EventType "tourn"]
[EventRounds "15"]
[EventCountry "MYA"]
[SourceTitle "EXT 2018"]
[Source "ChessBase"]
[SourceDate "2017.10.13"]
[SourceVersion "1"]
[SourceVersionDate "2017.10.13"]
[SourceQuality "1"]

1. d4 Nf6 2. Nf3 d5 3. e3 e6 4. Be2 Bd6 5. 0-0 b6 6. b3 Bb7 7. Bb2 Nbd7 8. Nbd2 0-0 9. c4 Re8 10. a3 a5 11. Qb1 Ne4 12. Rc1 Ndf6 13. h3 c5 14. Rd1 cxd4 15. Nxe4 Nxe4 16. Bxd4 Qe7 17. Bb2 dxc4 18. bxc4 Red8 19. Qc2 Rac8 20. Qb3 Nc5 21. Qc2 Be4 22. Qc3 f6 23. Nd4 Be5 24. a4 Qe8 25. Qa3 Qg6 26. Bf1 Bb8 27. Rd2 e5 28. Nb3 Rxd2 29. Nxd2 Bc6 30. Bc1 Rd8 31. Qb2 Bc7 32. Nb3 Nd3 33. Qe2 h5 34. Bd2 Qf7 35. Nc1 e4 36. Nxd3 exd3 37. Qd1 Qxc4 38. Qxh5 Bxa4 39. Qg6 Be8 40. Qf5 Qd5 41. Qg4 Qe5 42. g3 Qxa1 43. Qc4+ Bf7 44. Qxc7 Rd5 45. Qc8+ Kh7 46. Qc7 Be6 47. g4 a4 48. e4 Qe5 49. Qxb6 Rb5 50. Qe3 a3 51. Qxd3 Rb3 52. Qa6 Qxe4 53. Bg2 Qe5 54. Be3 Rb1+ 55. Bf1 a2 56. Qd3+ Kh8 0-1